Wszystkie podia Roberta Kubicy w F1 - Statystyki

Ogólne statystyki
  • Ten quiz został rozwiązany 239 razy
  • Średni wynik to 9 z 12
Statystyki odpowiedzi
Sezon Państwo Pozycja % Poprawnych
2008 Kanada 1
95%
2008 Monako 2
90%
2010 Monako 3
90%
2006 Włochy 3
89%
2008 Włochy 3
89%
2010 Australia 2
81%
2009 Brazylia 2
76%
2010 Belgia 3
75%
2008 Japonia 2
75%
2008 Bahrajn 3
70%
2008 Malezja 2
63%
2008 Europa 3
28%
Nie znaleziono quizów pasujących do podanych kryteriów
Rozkład punktacji
Procent ludzi z każdym wynikiem
Percentyl według liczby udzielonych odpowiedzi
Twoja historia wyników
Nie rozwiązałeś tego quizu